000 00668nam a2200253Ia 4500
003 OSt
005 20220912144907.0
006 a|||||r|||| 00| 0
007 ta
008 220909b |||||||| |||| 00| 0 eng d
024 _a66615
037 _cTextual
040 _aCSL
_beng
_cCSL
041 _aeng
082 _aGxN12, 123K2 CL
100 _aReproduzida C.E.
245 0 _aOpera omnia de gasper vionna
260 _aBrasil
_bOpera Omina
_c1962
300 _a552p.
_ccm.
650 _aBiology
700 _a Fallcao E.D.C.
942 _hGxN12, 123K2 CL
_cTEXL
_2CC
999 _c18448
_d18448